| 000 | 01200nam a2200253Ia 4500 | ||
|---|---|---|---|
| 999 |
_c39769 _d39769 |
||
| 001 | 6374 | ||
| 003 | GE_BSU | ||
| 005 | 20191122123607.0 | ||
| 008 | 181216s1986||||ge |||||||||||||| ||geo|| | ||
| 040 | _cGE_BSU | ||
| 041 | _ageo | ||
| 080 | _a821.111-31 შ-56 | ||
| 245 |
_aტრაგედიები : _bწ. 1 / _cინგლ. თარგმნა ივ. მაჩაბელი ; შესავალი წერილი და კომენტ ავტ.: ნ. ყაისაშვილისა |
||
| 264 |
_aთბილისი : _bსაბჭოთა საქართველო, _c1986. |
||
| 300 |
_a683 გვ.; _b21 სმ. |
||
| 501 | _aშესავალი წერილი გვ. 5-46 და კომენტ. გვ. 657-683. | ||
| 653 | _aტრაგედიები | ||
| 653 | _a რიჩარდ მესამე | ||
| 653 | _aიულიოს კეისარი | ||
| 653 | _aჰამლეტი; ოტელო | ||
| 700 |
_aმაჩაბელი, ივ. _eმთარგმნელი _95532 |
||
| 700 |
_aყაისაშვილი, ნ. _eშესავ . წერ. ავტორი _95533 |
||
| 942 |
_cBK _2udc |
||